00475nam a2200133Ia 4500008004100000020001400041040004400055100002400099245004400123260004500167300001400212600010200226999001300328180412s9999||||xx |||||||||||||| ||und|| a801749005 aAhmadu Bello University Library - Zaria aTHIELE, Victoria F. 0aClinical nutritioncVictoria F. Thiele. aSt. Louis (Illinois).bC. V. Mosbyc1976 axi, 225p. aClinical nutrition and dietetics. Assessment of nutritional status. Dietetic diseases in general. c209d209